00708nam a2200193 a 450000100080000000500110000800800410001910000160006024500980007626000320017430000090020649000410021552001770025665300170043365300090045065300160045970000160047570000230049110009602015-05-28 1978 bl uuuu u0uu1 u #d1 aPETRI, J.L. aBaixa frutificacao efetiva da macieira Malus domestica, Bork e sua relacao com a polinizacao. aFlorianopolis: EMPASCc1978 a12p. a(EMPASC. Indicacao de Pesquisa, 29). aA macieira, quando cultivada em regi??es de inverno ameno necessita tratamentos a base de ??leo mineral e compostos de dinitro para que ocorra uma boa quebra de dorm??ncia. aFRUTIFICACAO aMACA aPOLINIZACAO1 aPASQUAL, M.1 aFORTES, G.R. de L.